| 000 | 01341cam a2200385 a 4500 | ||
|---|---|---|---|
| 001 | 2369181 | ||
| 003 | OSt | ||
| 005 | 20260218144335.0 | ||
| 008 | 840827s1984 ncu b 001 0 eng | ||
| 010 | _a 84020111 | ||
| 020 |
_a0939464187 (lib. bdg.) : _c$35.00 |
||
| 020 | _a9780939464180 | ||
| 035 | _a2369181 | ||
| 040 |
_aDLC _cDLC _dDLC |
||
| 050 | 0 | 0 |
_aBT198 _b.B826 1985 |
| 082 | 0 | 0 |
_a232/.09/033 _219 |
| 100 | 1 |
_aBrown, Colin, _d1932- |
|
| 245 | 1 | 0 |
_aJesus in European Protestant thought, 1778-1860 / _cColin Brown. |
| 260 |
_aDurham, N.C. : _bLabyrinth Press, _cc1985. |
||
| 300 |
_axxiv, 359 p. ; _c24 cm. |
||
| 336 |
_atext _btxt _2rdacontent |
||
| 337 |
_aunmediated _bn _2rdamedia |
||
| 338 |
_avolume _bnc _2rdacarrier |
||
| 490 | 1 |
_aStudies in historical theology ; _v1 |
|
| 500 | _aRevision of thesis (doctoral)--University of Bristol, England, 1969. | ||
| 500 | _aIncludes index. | ||
| 504 | _aBibliography: p. [277]-351. | ||
| 600 | 0 | 0 |
_aJesus Christ _xHistory of doctrines _y18th century. |
| 600 | 0 | 0 |
_aJesus Christ _xHistory of doctrines _y19th century. |
| 600 | 0 | 0 |
_aJesus Christ _xHistoricity. |
| 830 | 0 |
_aStudies in historical theology (Durham, N.C.) ; _v1. |
|
| 906 |
_a7 _bcbc _corignew _d1 _eocip _f19 _gy-gencatlg |
||
| 942 |
_2lcc _cBK |
||
| 999 |
_c21277 _d21276 |
||